| 000 | 00910cam a2200277 4500 | ||
|---|---|---|---|
| 008 | 011015n2001 000 0 eng u | ||
| 020 | _a1842190784 | ||
| 035 | _a(Sirsi) u115106 | ||
| 050 | _a333.33 | ||
| 100 | _aWeatherhead, M. | ||
| 245 | _aBusinesses tackling property issues | ||
| 260 |
_aLondon _bRICS _c2001 |
||
| 300 |
_a46p. _c30cm. |
||
| 520 | _aA report and guide, part funded by the DTLR, covering key approaches to ensuring that business operations are backed by suitable accommodation. | ||
| 650 | _aBUSINESS TENANCIES | ||
| 650 | _aENVIRONMENTAL COSTS | ||
| 650 | _aFLEXIBILITY | ||
| 650 | _aGRANTS | ||
| 650 | _aPROPERTY COSTS | ||
| 650 | _aRATING ALLOWANCES | ||
| 650 | _aTAX ALLOWANCES | ||
| 690 | _aCOMMERICAL PROPERTY | ||
| 710 |
_aRoyal Institution of Chartered Surveyors _bPolicy Unit _94169 |
||
| 710 |
_aRoyal Institution of Chartered Surveyors _94900 |
||
| 942 | _n0 | ||
| 999 |
_c101700 _d101700 |
||